[Event "Festival de Calviá 2009 - 6. Open s2300"]
[Site "Calvia ESP"]
[Date "2009.10.12"]
[Round "3.13"]
[White "Vega Gomez, Francisco B"]
[Black "Pettersson, Anders"]
[Result "1/2-1/2"]
[WhiteElo "2226"]
[BlackElo "2049"]
[PlyCount "120"]
[EventDate "2009.10.10"]
[EventType "swiss"]
[EventRounds "9"]
[EventCountry "ESP"]
[Source "lmi"]
[SourceDate "2009.10.10"]

1. Nf3 c5 2. g3 Nc6 3. d4 cxd4 4. Nxd4 g6 5. c4 Bg7 6. Nc2 Nf6 7. Bg2 O-O 8.
O-O d6 9. Nc3 a5 10. b3 Be6 11. Rb1 Qc8 12. Re1 Rd8 13. e4 Nd7 14. Nd5 Re8 15.
Nce3 Nb4 16. a3 Na6 17. b4 Bxd5 18. exd5 axb4 19. axb4 Ne5 20. Qb3 Nxb4 21.
Qxb4 Nd3 22. Qd2 Nxe1 23. Qxe1 Ra2 24. Qb4 Qd7 25. Bb2 Bh6 26. Bd4 Rb8 27. Qb6
Bxe3 28. Bxe3 Qf5 29. Rc1 Rba8 30. Qxb7 Ra1 31. Rxa1 Rxa1+ 32. Bf1 Rb1 33. Qa8+
Kg7 34. Qa3 h5 35. Qc3+ Kh7 36. h4 Qf3 37. Qc2 Rd1 38. Bc1 f6 39. Bb2 Kg7 40.
Bc1 Kh7 41. Be3 Kg7 42. c5 dxc5 43. Qxc5 Qe4 44. Qb5 Rb1 45. Qd7 Kf7 46. d6 Rd1
47. Bc5 Qc4 48. Qxe7+ Kg8 49. Qe8+ Kh7 50. Qe7+ Kg8 51. Qe8+ Kh7 52. Qd7+ Kg8
53. Qc8+ Kh7 54. Qb7+ Kg8 55. Qa8+ Kh7 56. Qa7+ Kg8 57. Qb8+ Kh7 58. Qc7+ Kg8
59. Qd8+ Kh7 60. Qe7+ Kg8 1/2-1/2

[Event "Festival de Calviá 2009 - 6. Open s2300"]
[Site "Calvia ESP"]
[Date "2009.10.12"]
[Round "3.14"]
[White "Lind, Jan-Olov"]
[Black "Redondo Arguelles, Graciela"]
[Result "0-1"]
[WhiteElo "2189"]
[BlackElo "2059"]
[PlyCount "116"]
[EventDate "2009.10.10"]
[EventType "swiss"]
[EventRounds "9"]
[EventCountry "ESP"]
[Source "lmi"]
[SourceDate "2009.10.10"]

1. e4 e6 2. d3 d5 3. Nd2 Nf6 4. Ngf3 Bc5 5. e5 Nfd7 6. d4 Be7 7. Bd3 c5 8. c3
Nc6 9. O-O Qb6 10. dxc5 Qc7 11. Bb5 Ndxe5 12. Nxe5 Qxe5 13. Nf3 Qc7 14. b4 O-O
15. Qd3 h6 16. Ba4 a5 17. Re1 axb4 18. Bxc6 bxc6 19. cxb4 Bf6 20. Nd4 e5 21.
Qg3 Qb7 22. Nb3 Qxb4 23. Bd2 Qg4 24. Qxg4 Bxg4 25. a4 e4 26. Ra3 Rfb8 27. Nc1
Rb2 28. Bf4 g5 29. Bd6 Bd4 30. Rf1 Bc8 31. Nb3 Bc3 32. Nc1 Bb4 33. Ra2 Bc3 34.
h4 Ba6 35. Rd1 Bc4 36. Ra3 Bf6 37. a5 Bd8 38. Be5 Rb5 39. a6 Rxc5 40. a7 Rb5
41. Bb8 Bb6 42. Na2 Rb2 43. Nc3 Bxf2+ 44. Kh2 Rb7 45. Rb1 Rxb1 46. Nxb1 e3 47.
Nc3 d4 48. Bg3 Bxg3+ 49. Kxg3 dxc3 50. Rxc3 e2 51. Kf2 Ba6 52. Rxc6 Rxa7 53.
Rxh6 gxh4 54. Rxh4 Re7 55. Ke1 Rd7 56. Rg4+ Kf8 57. Kf2 Rd1 58. Re4 Rf1+ 0-1

[Event "Festival de Calviá 2009 - 6. Open s2300"]
[Site "Calvia ESP"]
[Date "2009.10.12"]
[Round "3.15"]
[White "Burton, Graham P"]
[Black "Martinez Vicario, Jose Maria"]
[Result "1-0"]
[WhiteElo "2042"]
[BlackElo "2186"]
[PlyCount "71"]
[EventDate "2009.10.10"]
[EventType "swiss"]
[EventRounds "9"]
[EventCountry "ESP"]
[Source "lmi"]
[SourceDate "2009.10.10"]

1. e4 d5 2. exd5 Nf6 3. Bb5+ Bd7 4. Be2 Nxd5 5. d4 g6 6. c4 Nb6 7. Nc3 Bf5 8.
c5 Nd5 9. Qb3 Nxc3 10. bxc3 Be6 11. Qxb7 Bd5 12. Bb5+ c6 13. Be2 Bxg2 14. Qxa8
Bxh1 15. Rb1 Nd7 16. Qxa7 e5 17. Be3 Bg7 18. Rb7 Bd5 19. Nf3 Be6 20. Ng5 Bf5
21. d5 Bf6 22. dxc6 O-O 23. Nxf7 Kxf7 24. cxd7 e4 25. Bd4 Bxd4 26. cxd4 Kg8 27.
c6 Qg5 28. Qc5 Qg2 29. Kd2 Qg5+ 30. Ke1 Qg1+ 31. Kd2 Qg5+ 32. Kc2 e3+ 33. Kb2
Qf6 34. Bc4+ Be6 35. Bxe6+ Qxe6 36. Qxf8+ 1-0

[Event "Festival de Calviá 2009 - 6. Open s2300"]
[Site "Calvia ESP"]
[Date "2009.10.12"]
[Round "3.16"]
[White "Ask, Josef"]
[Black "Simo Bordoy, Guillermo"]
[Result "1/2-1/2"]
[WhiteElo "2181"]
[BlackElo "2001"]
[PlyCount "82"]
[EventDate "2009.10.10"]
[EventType "swiss"]
[EventRounds "9"]
[EventCountry "ESP"]
[Source "lmi"]
[SourceDate "2009.10.10"]

1. c4 Nf6 2. Nc3 e5 3. Nf3 d6 4. d4 Nbd7 5. Bg5 Be7 6. e3 O-O 7. Qc2 exd4 8.
Nxd4 Ne5 9. Be2 Ng6 10. h4 Ng4 11. Nf5 N4e5 12. Nxe7+ Nxe7 13. O-O-O f6 14. Bf4
Be6 15. Ne4 Qe8 16. h5 N7c6 17. Qc3 b6 18. f3 a5 19. Nd2 Nb4 20. Kb1 Nbc6 21.
g4 a4 22. e4 Na5 23. Be3 Qf7 24. Rc1 c5 25. f4 Nec6 26. f5 Bd7 27. h6 g5 28.
Rh5 Ne5 29. Bxg5 Nac6 30. Be3 Kh8 31. Nf1 Rg8 32. Rh4 Na5 33. Nd2 Bc6 34. Bf4
Rae8 35. Rg1 Qb7 36. Bf3 Naxc4 37. Ka1 Nxd2 38. Bxd2 b5 39. g5 b4 40. Qe3 c4
41. Rh5 Nxf3 1/2-1/2

[Event "Festival de Calviá 2009 - 6. Open s2300"]
[Site "Calvia ESP"]
[Date "2009.10.12"]
[Round "3.17"]
[White "Suuronen, Petri"]
[Black "Bendayan Claros, Aaron"]
[Result "0-1"]
[WhiteElo "1970"]
[BlackElo "2179"]
[PlyCount "64"]
[EventDate "2009.10.10"]
[EventType "swiss"]
[EventRounds "9"]
[EventCountry "ESP"]
[Source "lmi"]
[SourceDate "2009.10.10"]

1. c4 e5 2. Nc3 Nc6 3. g3 Nf6 4. Bg2 Bb4 5. a3 Bxc3 6. bxc3 O-O 7. e4 b6 8. Ne2
Bb7 9. O-O Qe7 10. d3 d6 11. h3 Nd7 12. g4 Nd8 13. f4 f6 14. g5 Nf7 15. Be3
Rfd8 16. Ng3 Nf8 17. Nh5 h6 18. Qd2 c6 19. Qa2 Qd7 20. Rfd1 d5 21. cxd5 cxd5
22. Qb3 dxe4 23. dxe4 Qc7 24. h4 Kh8 25. Ng3 Ba6 26. Bf1 Bxf1 27. Kxf1 Nd6 28.
Ke2 Qc4+ 29. Qxc4 Nxc4 30. Rd5 Rxd5 31. exd5 Rd8 32. Rd1 Nxa3 0-1

[Event "Festival de Calviá 2009 - 6. Open s2300"]
[Site "Calvia ESP"]
[Date "2009.10.12"]
[Round "3.18"]
[White "Lacrosse, Marc"]
[Black "Durandeau, Jean-Marie"]
[Result "1/2-1/2"]
[WhiteElo "2179"]
[BlackElo "2015"]
[PlyCount "60"]
[EventDate "2009.10.10"]
[EventType "swiss"]
[EventRounds "9"]
[EventCountry "ESP"]
[Source "lmi"]
[SourceDate "2009.10.10"]

1. d4 Nf6 2. c4 e5 3. dxe5 Ng4 4. Bf4 Nc6 5. Nf3 Bb4+ 6. Nbd2 Qe7 7. a3 Ngxe5
8. Nxe5 Nxe5 9. e3 Bxd2+ 10. Qxd2 d6 11. Rc1 O-O 12. c5 dxc5 13. Qd5 Ng6 14.
Bg3 Qf6 15. Qxc5 Qxb2 16. Bxc7 Bf5 17. Qc3 Qxc3+ 18. Rxc3 Rac8 19. Be2 Be4 20.
O-O Ne7 21. Rcc1 Nc6 22. Bf4 Rfd8 23. Rfd1 h6 24. f3 Bd5 25. Kf2 Be6 26. e4
Rxd1 27. Rxd1 Na5 28. Rc1 Nc4 29. Bxc4 Rxc4 30. Rxc4 Bxc4 1/2-1/2

[Event "Festival de Calviá 2009 - 6. Open s2300"]
[Site "Calvia ESP"]
[Date "2009.10.12"]
[Round "3.19"]
[White "Munar Rossello, Pedro"]
[Black "Grebstad, Kjell Borre"]
[Result "1-0"]
[WhiteElo "2144"]
[BlackElo "1959"]
[PlyCount "55"]
[EventDate "2009.10.10"]
[EventType "swiss"]
[EventRounds "9"]
[EventCountry "ESP"]
[Source "lmi"]
[SourceDate "2009.10.10"]

1. e4 d5 2. exd5 Qxd5 3. Nc3 Qa5 4. d4 Nf6 5. Bd2 Bg4 6. f3 Bf5 7. Nge2 c6 8.
Ng3 Bg6 9. Nce4 Qc7 10. Bd3 Nbd7 11. O-O e6 12. f4 Nxe4 13. Nxe4 Nf6 14. Nxf6+
gxf6 15. f5 exf5 16. Re1+ Kd7 17. Qf3 f4 18. Qg4+ Kd8 19. Bxf4 Bd6 20. Qh4 Kd7
21. Qxf6 Rae8 22. Bf5+ Bxf5 23. Qxf5+ Kd8 24. Bg5+ Be7 25. Rxe7 Rxe7 26. Re1
Rhe8 27. Rxe7 Rxe7 28. Qxf7 1-0

[Event "Festival de Calviá 2009 - 6. Open s2300"]
[Site "Calvia ESP"]
[Date "2009.10.13"]
[Round "4.1"]
[White "Spence, David J"]
[Black "Cruz, Jonathan"]
[Result "1-0"]
[WhiteElo "2223"]
[BlackElo "2292"]
[PlyCount "97"]
[EventDate "2009.10.10"]
[EventType "swiss"]
[EventRounds "9"]
[EventCountry "ESP"]
[Source "lmi"]
[SourceDate "2009.10.10"]

1. e4 c5 2. c3 Nf6 3. e5 Nd5 4. d4 cxd4 5. cxd4 Nc6 6. Nf3 d6 7. Bc4 Nb6 8. Bb3
e6 9. Qe2 Be7 10. O-O O-O 11. Nc3 d5 12. a3 f5 13. exf6 Bxf6 14. Bc2 Bd7 15.
Qd3 g6 16. Bh6 Rf7 17. Rfe1 Nc4 18. b3 Nd6 19. Qd2 Bh8 20. Ne2 Rc8 21. Rac1 Qb6
22. Be3 Bg7 23. Ne5 Bf8 24. Nxf7 Nxf7 25. b4 a5 26. b5 Na7 27. Bd3 Bxa3 28.
Rxc8+ Nxc8 29. Qc2 Ne7 30. Nc3 Qc7 31. Qb3 Bd6 32. g3 b6 33. Ne2 Qd8 34. Nf4
Ng5 35. Kg2 Qf8 36. h4 Nf7 37. Qb1 Qg7 38. Nh3 h6 39. Qc1 a4 40. Qc2 a3 41. Bf4
e5 42. dxe5 Nxe5 43. Bxe5 Bxe5 44. Qe2 Bb2 45. Bb1 Nf5 46. Nf4 Nd4 47. Qd2 Bxb5
48. Nxg6 Bc4 49. Re8+ 1-0

[Event "Festival de Calviá 2009 - 6. Open s2300"]
[Site "Calvia ESP"]
[Date "2009.10.13"]
[Round "4.2"]
[White "Gaya Llodra, Juan"]
[Black "Gonzalez Arribas, Vidal A"]
[Result "1-0"]
[WhiteElo "2218"]
[BlackElo "2286"]
[PlyCount "45"]
[EventDate "2009.10.10"]
[EventType "swiss"]
[EventRounds "9"]
[EventCountry "ESP"]
[Source "lmi"]
[SourceDate "2009.10.10"]

1. d4 d5 2. g3 c6 3. Bg2 Bf5 4. Nf3 h6 5. O-O Nf6 6. c4 e6 7. Nc3 Nbd7 8. cxd5
exd5 9. Ne5 Be7 10. f4 O-O 11. g4 Nxg4 12. e4 Ngxe5 13. fxe5 Bxe4 14. Nxe4 dxe4
15. Bxe4 Bg5 16. Kh1 Bxc1 17. Rxc1 Qe7 18. Qg4 Rfe8 19. Rg1 g5 20. Qh5 Kg7 21.
Rcf1 c5 22. Rxg5+ Qxg5 23. Qxf7+ 1-0

[Event "Festival de Calviá 2009 - 6. Open s2300"]
[Site "Calvia ESP"]
[Date "2009.10.13"]
[Round "4.3"]
[White "Alcaraz Ortega, Javier"]
[Black "Tscharotschkin, Michael"]
[Result "1/2-1/2"]
[WhiteElo "2236"]
[BlackElo "2194"]
[PlyCount "50"]
[EventDate "2009.10.10"]
[EventType "swiss"]
[EventRounds "9"]
[EventCountry "ESP"]
[Source "lmi"]
[SourceDate "2009.10.10"]

1. Nf3 Nf6 2. c4 g6 3. Nc3 Bg7 4. e4 d6 5. d4 O-O 6. Be2 e5 7. O-O Nc6 8. d5
Ne7 9. b4 Nh5 10. Re1 f5 11. a4 Nf6 12. Ra3 a5 13. bxa5 Rxa5 14. Nd2 f4 15. Nb3
Ra8 16. c5 g5 17. cxd6 cxd6 18. Nd2 Ng6 19. Nb5 Rf7 20. Nc4 Bf8 21. Bf1 g4 22.
Rc3 Ne8 23. Ba3 Bd7 24. Qb3 Bxb5 25. Qxb5 g3 1/2-1/2

[Event "Festival de Calviá 2009 - 6. Open s2300"]
[Site "Calvia ESP"]
[Date "2009.10.13"]
[Round "4.4"]
[White "Haga, Halvor"]
[Black "Frick, Christoph"]
[Result "0-1"]
[WhiteElo "1986"]
[BlackElo "2255"]
[PlyCount "74"]
[EventDate "2009.10.10"]
[EventType "swiss"]
[EventRounds "9"]
[EventCountry "ESP"]
[Source "lmi"]
[SourceDate "2009.10.10"]

1. e4 g6 2. Nf3 Bg7 3. g3 d6 4. Bg2 Nf6 5. d3 O-O 6. O-O c5 7. Nbd2 Nc6 8. c3
Qc7 9. Re1 Rb8 10. a4 b6 11. Nc4 Nd7 12. h4 Nde5 13. Nfxe5 dxe5 14. Bf1 Bb7 15.
h5 Qd7 16. Ra2 Rbd8 17. Qe2 e6 18. hxg6 hxg6 19. Qg4 Qe8 20. f4 f5 21. Qe2 Qf7
22. Be3 Rd7 23. a5 Rfd8 24. axb6 axb6 25. Qf2 exf4 26. gxf4 e5 27. b4 exf4 28.
Bxf4 Bxc3 29. Rc1 Bd4 30. Be3 Nxb4 31. Bxd4 Rxd4 32. Rb2 Qf6 33. Qf4 b5 34. e5
Rxf4 35. exf6 bxc4 36. dxc4 Kf7 37. Ra1 Kxf6 0-1

[Event "Festival de Calviá 2009 - 6. Open s2300"]
[Site "Calvia ESP"]
[Date "2009.10.13"]
[Round "4.6"]
[White "Lechado Artigues, Pedro"]
[Black "Ducros Salva, Antonio"]
[Result "1/2-1/2"]
[WhiteElo "2110"]
[BlackElo "2239"]
[PlyCount "63"]
[EventDate "2009.10.10"]
[EventType "swiss"]
[EventRounds "9"]
[EventCountry "ESP"]
[Source "lmi"]
[SourceDate "2009.10.10"]

1. e4 c5 2. Nf3 Nc6 3. d4 cxd4 4. Nxd4 g6 5. c4 Bg7 6. Be3 Nf6 7. Nc3 O-O 8.
Be2 d6 9. f3 Nxd4 10. Bxd4 a5 11. Qd2 Bd7 12. O-O Bc6 13. Rad1 Nd7 14. Be3 Nc5
15. b3 Qb6 16. Qc2 Qb4 17. Bd2 Qb6 18. Kh1 Ne6 19. Nd5 Bxd5 20. exd5 Nc5 21.
Rb1 Rfc8 22. f4 Nd7 23. Bf3 Qd4 24. Rfe1 Bf6 25. Bg4 Rc7 26. Re4 Qf2 27. Re2
Qc5 28. a4 Nb6 29. Qd3 Qd4 30. Qxd4 Bxd4 31. Rbe1 Bf6 32. Be3 1/2-1/2

[Event "Festival de Calviá 2009 - 6. Open s2300"]
[Site "Calvia ESP"]
[Date "2009.10.13"]
[Round "4.7"]
[White "Redondo Arguelles, Graciela"]
[Black "Fruebing, Thomas"]
[Result "1/2-1/2"]
[WhiteElo "2059"]
[BlackElo "2232"]
[PlyCount "28"]
[EventDate "2009.10.10"]
[EventType "swiss"]
[EventRounds "9"]
[EventCountry "ESP"]
[Source "lmi"]
[SourceDate "2009.10.10"]

1. e4 e6 2. d4 d5 3. exd5 exd5 4. Bd3 Nc6 5. Ne2 Bd6 6. Nbc3 Nb4 7. Nb5 Ne7 8.
Nxd6+ Qxd6 9. Bf4 Qc6 10. c3 Nxd3+ 11. Qxd3 O-O 12. O-O Bf5 13. Qd2 Rfe8 14.
Rfe1 Qd7 1/2-1/2

[Event "Festival de Calviá 2009 - 6. Open s2300"]
[Site "Calvia ESP"]
[Date "2009.10.13"]
[Round "4.9"]
[White "Massanet Massanet, Sebastian"]
[Black "Burton, Graham P"]
[Result "1-0"]
[WhiteElo "2297"]
[BlackElo "2042"]
[PlyCount "59"]
[EventDate "2009.10.10"]
[EventType "swiss"]
[EventRounds "9"]
[EventCountry "ESP"]
[Source "lmi"]
[SourceDate "2009.10.10"]

1. d4 Nf6 2. c4 c5 3. d5 e6 4. Nf3 exd5 5. cxd5 d6 6. e4 g6 7. h3 Bg7 8. Bd3
O-O 9. O-O Nh5 10. Nc3 Nd7 11. g4 Nhf6 12. Bf4 Ne8 13. Re1 a6 14. a4 b6 15. Qe2
Ne5 16. Nxe5 dxe5 17. Bg3 h5 18. gxh5 Bxh3 19. Bxa6 Nd6 20. Kh2 Rxa6 21. Kxh3
Ra8 22. Kg2 Qg5 23. hxg6 fxg6 24. Nb5 Qe7 25. Qg4 Nxb5 26. axb5 Qd6 27. Ra6
Rab8 28. Ra7 Rf7 29. Rea1 Rbb7 30. Rxb7 1-0

[Event "Festival de Calviá 2009 - 6. Open s2300"]
[Site "Calvia ESP"]
[Date "2009.10.13"]
[Round "4.12"]
[White "Barcelo Pujadas, Pedro Jose"]
[Black "Montero Campuzano, Rafael"]
[Result "1-0"]
[WhiteElo "2249"]
[BlackElo "2066"]
[PlyCount "99"]
[EventDate "2009.10.10"]
[EventType "swiss"]
[EventRounds "9"]
[EventCountry "ESP"]
[Source "lmi"]
[SourceDate "2009.10.10"]

1. Nf3 c5 2. c4 Nc6 3. g3 g6 4. d4 cxd4 5. Nxd4 Nxd4 6. Qxd4 Nf6 7. Nc3 Bg7 8.
Bg2 O-O 9. O-O d6 10. Qd3 Rb8 11. Be3 b6 12. Bd4 Bb7 13. e4 a6 14. Rfd1 Qc7 15.
Rac1 Rfc8 16. b3 Bh6 17. Be3 Bxe3 18. Qxe3 Qc5 19. Qxc5 bxc5 20. Re1 e5 21.
Rcd1 Rc6 22. Rd3 Kf8 23. Red1 Ke7 24. f4 Rb6 25. fxe5 dxe5 26. Na4 Rc6 27. Nc3
Rb6 28. Bf3 h5 29. h3 Bc8 30. Nd5+ Nxd5 31. Rxd5 f6 32. Rxc5 Bxh3 33. Rc7+ Kf8
34. c5 R6b7 35. Rc6 Ke7 36. Rxa6 Bg4 37. Bxg4 hxg4 38. Rdd6 Rc7 39. Re6+ Kf7
40. Rxf6+ Kg7 41. Rxg6+ Kh7 42. Rh6+ Kg7 43. Rag6+ Kf7 44. c6 Rcc8 45. Rd6 Ra8
46. Rd7+ Kg8 47. c7 Rf8 48. Rg6+ Kh8 49. Rd2 Rac8 50. Rh2# 1-0

[Event "Festival de Calviá 2009 - 6. Open s2300"]
[Site "Calvia ESP"]
[Date "2009.10.13"]
[Round "4.13"]
[White "Hutchinson, Paul A"]
[Black "Schenk Papke, Andres"]
[Result "1/2-1/2"]
[WhiteElo "2228"]
[BlackElo "2057"]
[PlyCount "109"]
[EventDate "2009.10.10"]
[EventType "swiss"]
[EventRounds "9"]
[EventCountry "ESP"]
[Source "lmi"]
[SourceDate "2009.10.10"]

1. e4 e5 2. Bc4 Bc5 3. Nc3 Nc6 4. d3 Nf6 5. f4 d6 6. f5 Na5 7. Bb3 Nxb3 8. axb3
a6 9. Bg5 c6 10. Qf3 b5 11. Nge2 Bb7 12. Ng3 d5 13. Nh5 Rg8 14. Ne2 Be7 15.
Bxf6 Bxf6 16. O-O Qb6+ 17. Kh1 O-O-O 18. Nhg3 Bh4 19. b4 Be7 20. c3 c5 21. bxc5
Bxc5 22. b4 Be7 23. Rfc1 Kb8 24. Rc2 g6 25. Rb1 h5 26. exd5 Bxd5 27. Ne4 gxf5
28. Qxf5 Qg6 29. Qxg6 Rxg6 30. N2g3 Bb7 31. Nf5 Bf8 32. Nc5 Bxc5 33. bxc5 Rxd3
34. Nd6 Rd5 35. Rf2 Rxc5 36. Nxb7 Kxb7 37. Rxf7+ Kb6 38. Rf3 Rgc6 39. Rb3 a5
40. h3 e4 41. Re3 Rc4 42. Kh2 h4 43. g4 hxg3+ 44. Kxg3 Rf6 45. h4 a4 46. Ra3
Kc5 47. h5 Kd5 48. Ra2 Ke5 49. Rh2 Rf3+ 50. Rxf3 exf3 51. h6 Rc8 52. Rh5+ Kf6
53. Rxb5 Kg6 54. Ra5 Rxc3 55. Rxa4 1/2-1/2

[Event "Festival de Calviá 2009 - 6. Open s2300"]
[Site "Calvia ESP"]
[Date "2009.10.13"]
[Round "4.14"]
[White "Durandeau, Jean-Marie"]
[Black "Vega Gomez, Francisco B"]
[Result "0-1"]
[WhiteElo "2015"]
[BlackElo "2226"]
[PlyCount "56"]
[EventDate "2009.10.10"]
[EventType "swiss"]
[EventRounds "9"]
[EventCountry "ESP"]
[Source "lmi"]
[SourceDate "2009.10.10"]

1. e4 d5 2. exd5 Qxd5 3. Nc3 Qa5 4. d4 Nf6 5. Bc4 Bg4 6. Nf3 Nc6 7. Bb5 e6 8.
h3 Bh5 9. g4 Bg6 10. Ne5 Bb4 11. a4 Bxc3+ 12. Kf1 O-O 13. Ra3 Nxe5 14. Rxc3 Nc6
15. Bxc6 bxc6 16. h4 Qd5 17. Kg1 Ne4 18. Re3 h6 19. h5 Bh7 20. f3 Ng5 21. f4
Ne4 22. g5 hxg5 23. h6 gxf4 24. Rh5 f5 25. hxg7 Rf6 26. Reh3 Rg6+ 27. Kh2 Nf2
28. Rxh7 Rg2# 0-1

[Event "Festival de Calviá 2009 - 6. Open s2300"]
[Site "Calvia ESP"]
[Date "2009.10.13"]
[Round "4.15"]
[White "Galiana Salom, Juan Ramon"]
[Black "Moreno Garcia, Alfonso"]
[Result "1-0"]
[WhiteElo "2216"]
[BlackElo "2050"]
[PlyCount "67"]
[EventDate "2009.10.10"]
[EventType "swiss"]
[EventRounds "9"]
[EventCountry "ESP"]
[Source "lmi"]
[SourceDate "2009.10.10"]

1. e4 e5 2. Nf3 Nc6 3. Bb5 a6 4. Ba4 Nf6 5. Qe2 b5 6. Bb3 Be7 7. O-O d6 8. a4
Bd7 9. axb5 axb5 10. Rxa8 Qxa8 11. Nc3 Na7 12. Nd5 Nxd5 13. exd5 O-O 14. d4 c6
15. dxe5 dxe5 16. Bf4 cxd5 17. Nxe5 Be6 18. Re1 Qb7 19. Nxf7 Bxf7 20. Qxe7 Re8
21. Qb4 Rxe1+ 22. Qxe1 h6 23. h3 Nc6 24. Qc3 Qd7 25. Qg3 Kh7 26. Qd3+ Kh8 27.
Qxb5 Qf5 28. Be3 Ne5 29. Qb8+ Kh7 30. Qd6 Nc4 31. Qe7 Nxb2 32. Bd4 Nc4 33. Qf8
Qg6 34. c3 1-0

[Event "Festival de Calviá 2009 - 6. Open s2300"]
[Site "Calvia ESP"]
[Date "2009.10.13"]
[Round "4.17"]
[White "Rautanen, Sari"]
[Black "Lacrosse, Marc"]
[Result "1/2-1/2"]
[WhiteElo "1993"]
[BlackElo "2179"]
[PlyCount "61"]
[EventDate "2009.10.10"]
[EventType "swiss"]
[EventRounds "9"]
[EventCountry "ESP"]
[Source "lmi"]
[SourceDate "2009.10.10"]

1. Nf3 d5 2. d4 Nf6 3. c4 e6 4. Nc3 c6 5. Bg5 Nbd7 6. e3 Qa5 7. cxd5 Nxd5 8.
Qd2 Bb4 9. Rc1 h6 10. Bh4 b6 11. Bd3 c5 12. a3 Bxc3 13. bxc3 Ba6 14. O-O O-O
15. Bxa6 Qxa6 16. e4 Nc7 17. d5 exd5 18. exd5 Rfe8 19. Rfe1 b5 20. Bg3 Qb7 21.
Bxc7 Qxc7 22. d6 Qc6 23. Re7 Rxe7 24. dxe7 Re8 25. Re1 f6 26. Qd3 Kf7 27. Nh4
Rxe7 28. Qg6+ Kf8 29. Rxe7 Kxe7 30. Qxg7+ Ke8 31. Qg8+ 1/2-1/2

[Event "Festival de Calviá 2009 - 6. Open s2300"]
[Site "Calvia ESP"]
[Date "2009.10.13"]
[Round "4.19"]
[White "Perez Prieto, German"]
[Black "Karlsson, Jorgen"]
[Result "1/2-1/2"]
[WhiteElo "1976"]
[BlackElo "2160"]
[PlyCount "80"]
[EventDate "2009.10.10"]
[EventType "swiss"]
[EventRounds "9"]
[EventCountry "ESP"]
[Source "lmi"]
[SourceDate "2009.10.10"]

1. e4 g6 2. d4 Bg7 3. Nf3 d6 4. h3 c5 5. Bc4 cxd4 6. Nxd4 Nf6 7. Nc3 O-O 8. Bb3
a6 9. Be3 b5 10. a3 Bb7 11. f3 Nbd7 12. Qd2 Rc8 13. g4 Ne5 14. h4 Rxc3 15. bxc3
Nxf3+ 16. Nxf3 Nxe4 17. Qd3 Bxc3+ 18. Ke2 Bxa1 19. Rxa1 Qd7 20. Rg1 d5 21. h5
Qd6 22. Qd4 Rc8 23. hxg6 Qxg6 24. Ne5 Qe6 25. Qxe4 dxe4 26. Bxe6 fxe6 27. Bd4
Rxc2+ 28. Ke3 Rc8 29. Rf1 Rf8 30. Rxf8+ Kxf8 31. Nd7+ Kf7 32. Nc5 Bc6 33. Nxa6
Kg6 34. Kf4 h5 35. gxh5+ Kxh5 36. Nc7 Kg6 37. Nxe6 e3 38. Bxe3 Kf6 39. Nd4 e5+
40. Kg3 exd4 1/2-1/2

[Event "Festival de Calviá 2009 - 6. Open s2300"]
[Site "Calvia ESP"]
[Date "2009.10.14"]
[Round "5.1"]
[White "Spence, David J"]
[Black "Gaya Llodra, Juan"]
[Result "1-0"]
[WhiteElo "2223"]
[BlackElo "2218"]
[PlyCount "89"]
[EventDate "2009.10.10"]
[EventType "swiss"]
[EventRounds "9"]
[EventCountry "ESP"]
[Source "lmi"]
[SourceDate "2009.10.10"]

1. e4 e6 2. d4 d5 3. Nc3 Nf6 4. e5 Nfd7 5. f4 c5 6. Nf3 Nc6 7. Be3 a6 8. Qd2 b5
9. a3 g5 10. fxg5 cxd4 11. Nxd4 Ncxe5 12. Nf3 Bg7 13. Nxe5 Nxe5 14. O-O-O Bb7
15. Bd4 O-O 16. h4 Rc8 17. Kb1 Nc4 18. Bxc4 Bxd4 19. Qxd4 Rxc4 20. Qd2 d4 21.
Rhe1 Qc7 22. Ne4 Bxe4 23. Rxe4 Rc8 24. Rc1 e5 25. h5 Qe7 26. Qe1 d3 27. Rxc4
bxc4 28. cxd3 Qxg5 29. dxc4 Qxh5 30. c5 Qf5+ 31. Ka1 Qe6 32. Qg3+ Kf8 33. Qc3
Rc6 34. Re1 f6 35. Rd1 Qe7 36. b4 a5 37. Kb2 e4 38. Re1 f5 39. Qh8+ Kf7 40.
Qxh7+ Ke6 41. Qg8+ Ke5 42. Rd1 Qf6 43. g3 Qe6 44. Qg7+ Qf6 45. Qd7 1-0

[Event "Festival de Calviá 2009 - 6. Open s2300"]
[Site "Calvia ESP"]
[Date "2009.10.14"]
[Round "5.2"]
[White "Frick, Christoph"]
[Black "Alcaraz Ortega, Javier"]
[Result "0-1"]
[WhiteElo "2255"]
[BlackElo "2236"]
[PlyCount "84"]
[EventDate "2009.10.10"]
[EventType "swiss"]
[EventRounds "9"]
[EventCountry "ESP"]
[Source "lmi"]
[SourceDate "2009.10.10"]

1. g3 d5 2. d3 c5 3. Bg2 Nc6 4. Nc3 Nf6 5. Nf3 e5 6. O-O Be7 7. e4 d4 8. Ne2
O-O 9. Ne1 b5 10. h3 a5 11. f4 a4 12. Nf3 Nd7 13. g4 exf4 14. Bxf4 Re8 15. Ng3
Bf8 16. e5 Ra6 17. Re1 Ne7 18. Nf5 Ng6 19. Qd2 Nb6 20. Bg3 Nd5 21. Re2 Be6 22.
Rf1 Qa5 23. Qg5 h6 24. Qc1 a3 25. h4 axb2 26. Qxb2 Ngf4 27. Ref2 Nxg2 28. Rxg2
Bxf5 29. gxf5 Ne3 30. Rff2 b4 31. Kh2 Qxa2 32. Qc1 Qd5 33. Qh1 Rea8 34. Rg1
Ng4+ 35. Kh3 Nxf2+ 36. Bxf2 Qd7 37. e6 fxe6 38. Ne5 Qd5 39. Qh2 exf5 40. Bg3
Ra1 41. Rg2 Rf1 42. Bf4 Raa1 0-1

[Event "Festival de Calviá 2009 - 6. Open s2300"]
[Site "Calvia ESP"]
[Date "2009.10.14"]
[Round "5.3"]
[White "Tscharotschkin, Michael"]
[Black "Andersen, Lars Even"]
[Result "0-1"]
[WhiteElo "2194"]
[BlackElo "2242"]
[PlyCount "137"]
[EventDate "2009.10.10"]
[EventType "swiss"]
[EventRounds "9"]
[EventCountry "ESP"]
[Source "lmi"]
[SourceDate "2009.10.10"]

1. d4 Nf6 2. c4 Nc6 3. Nc3 e5 4. d5 Ne7 5. e4 Ng6 6. g3 Bb4 7. Bg2 Bxc3+ 8.
bxc3 d6 9. Ne2 b6 10. O-O Qe7 11. Ba3 O-O 12. Nc1 Ng4 13. Qe2 f5 14. f3 Nf6 15.
Nd3 fxe4 16. fxe4 a5 17. Bc1 Bg4 18. Qc2 Rae8 19. Bg5 h6 20. Bxf6 Rxf6 21. Rxf6
Qxf6 22. Qd2 Rf8 23. Rf1 Qe7 24. Nf2 Bc8 25. Nd1 Rf6 26. Ne3 Qf7 27. Qe2 Nf8
28. Rxf6 Qxf6 29. Bf3 Qg5 30. Kf2 Qf6 31. Kg2 Qg6 32. h3 Nh7 33. g4 Qg5 34. Nf1
Qf4 35. Qe3 g5 36. Kf2 h5 37. gxh5 Bxh3 38. Qxf4 gxf4 39. Nd2 Nf6 40. c5 dxc5
41. Nc4 Nd7 42. Bd1 Kg7 43. Ba4 Nf6 44. Bc2 Ng4+ 45. Kf3 Ne3 46. Nxe3 fxe3 47.
Bd1 Kh6 48. Kxe3 Bd7 49. a4 c4 50. Be2 Bxa4 51. Bxc4 Kxh5 52. Ba6 Bc2 53. Bb7
Kg5 54. Kd2 Ba4 55. c4 Be8 56. Kc3 Kf4 57. Kb3 Bg6 58. Ka4 Bxe4 59. Kb5 Bd3 60.
Ba6 a4 61. Kxa4 e4 62. Kb3 e3 63. Kc3 Bb1 64. Bb7 Ke5 65. Bc8 Kd6 66. Bg4 Ke5
67. Be2 Be4 68. Kb4 Kd4 69. Kb3 0-1